02045nam a2200289 4500001000400000003000400004005001700008008004100025020001500066040000800081041001300089082001500102100003600117240002100153245008800174260003200262300001100294520128300305650002501588650003001613650001801643650001301661650001501674655001201689655001601701700003801717158OSt20250528074013.0250129b |||||||e |||| 00| 1 eng d a8532513646 bpor hengapor a813bC592v1 aClark, Mary Higgins,d1927-2020 aYou belong to me aVocê me pertence /cClark, Mary Higgins ; Tradução de Aulyde Soares Rodrigues aRio de JaneirobRoccoc2002 a284 p. aUm assassino meticuloso, calculista e sedutor mata mulheres solitárias e frustradas que viajam sozinhas. Os crimes horrorizam a imprensa e mobilizam a polícia. A dra. Susan Chandler, advogada, promotora e psicóloga, interfere casualmente nos planos do maníaco ao pôr em prática a idéia de pesquisar a respeito do tema mulheres desaparecidas no programa diário que marca sua estréia no rádio. O desenvolvimento do tema assume proporções inesperadas, com intensa participação dos ouvintes. É desta forma que os dados sobre o homicida começam a aparecer, e a dra. Chandler passa a fazer parte do círculo de morte de criminoso, cuja disposição é eliminar qualquer pessoa que represente uma ameaça aos seus propósitos. Você me pertence é a frase que compõe a inscrição de um anel ofertado às vítimas, segundo apurações feitas no ar por Susan. À medida que as informações vão sendo confrontadas, ela desenvolve uma forte suspeita|: o assassino pode ser um homem que se tornou uma figura importante na sua vida. Ela precisa ter certeza para não ser a próxima vítima. Mary Higgins Clark oferece aos leitores suspense gradual e intenso, uma autêntica perseguição detalhada numa atmosfera rensa de medo. 0aLiteratura Americana 0aCrime e Investigação  0aSerial Killer 0aSuspense 0aMistério 0aRomance 0aFicção  aAulyde Soares RodrigueseTradutor